Fundamentals of electric circuits(E BOOK) (Record no. 208674)
[ view plain ]
| 000 -LEADER | |
|---|---|
| fixed length control field | 00440 a2200169 4500 |
| 003 - CONTROL NUMBER IDENTIFIER | |
| control field | Nust |
| 005 - DATE AND TIME OF LATEST TRANSACTION | |
| control field | 20170207164335.0 |
| 020 ## - INTERNATIONAL STANDARD BOOK NUMBER | |
| International Standard Book Number | 978–0–07–352955–4 |
| 040 ## - CATALOGING SOURCE | |
| Transcribing agency | Nust |
| 082 ## - DEWEY DECIMAL CLASSIFICATION NUMBER | |
| Classification number | 621.319'24 |
| 100 ## - MAIN ENTRY--PERSONAL NAME | |
| Personal name | Alexander, Charles K. |
| 245 ## - TITLE STATEMENT | |
| Title | Fundamentals of electric circuits(E BOOK) |
| Statement of responsibility, etc. | Charles K. Alexander, Matthew N. O. Sadiku |
| 250 ## - EDITION STATEMENT | |
| Edition statement | 4th ed. |
| 260 ## - PUBLICATION, DISTRIBUTION, ETC. | |
| Place of publication, distribution, etc. | New York |
| Name of publisher, distributor, etc. | McGraw-Hill |
| Date of publication, distribution, etc. | 2009 |
| 300 ## - PHYSICAL DESCRIPTION | |
| Extent | 1056p |
| 538 ## - SYSTEM DETAILS NOTE | |
| System details note | E Book |
| 942 ## - ADDED ENTRY ELEMENTS (KOHA) | |
| Source of classification or shelving scheme | |
| Koha item type | Book |
| Withdrawn status | Lost status | Source of classification or shelving scheme | Damaged status | Not for loan | Collection code | Permanent Location | Current Location | Date acquired | Total Checkouts | Full call number | Barcode | Date last seen | Price effective from | Koha item type |
|---|---|---|---|---|---|---|---|---|---|---|---|---|---|---|
| Military College of Signals (MCS) | Military College of Signals (MCS) | 12/12/2016 | 621.319'24 | MCSEB-1019 | 12/08/2016 | 12/12/2016 | Book |
